MARC details
| 000 -LEADER |
| fixed length control field |
01101nam a22003017a 4500 |
| 003 - CONTROL NUMBER IDENTIFIER |
| control field |
LK-CoMWRAF |
| 005 - DATE AND TIME OF LATEST TRANSACTION |
| control field |
20231206144049.0 |
| 008 - FIXED-LENGTH DATA ELEMENTS--GENERAL INFORMATION |
| fixed length control field |
230924b2004 |||||||| |||| 00| 0 eng d |
| 020 ## - INTERNATIONAL STANDARD BOOK NUMBER |
| International Standard Book Number |
9789068321616 |
| 040 ## - CATALOGING SOURCE |
| Original cataloging agency |
LK-CoMWRAF |
| Modifying agency |
LK-CoMWRAF |
| Description conventions |
LK-CoMWRAF |
| 041 ## - LANGUAGE CODE |
| Language code of text/sound track or separate title |
English |
| 082 ## - DEWEY DECIMAL CLASSIFICATION NUMBER |
| Classification number |
630 |
| Item number |
HEE |
| 942 ## - ADDED ENTRY ELEMENTS (KOHA) |
| Koha item type |
Books |
| 100 ## - MAIN ENTRY--PERSONAL NAME |
| Personal name |
Heemskerk, W. |
| 700 ## - ADDED ENTRY--PERSONAL NAME |
| Personal name |
Wennink, Bertus |
| 700 ## - ADDED ENTRY--PERSONAL NAME |
| Personal name |
Kampen, Jakob |
| Relator Term |
editor |
| 700 ## - ADDED ENTRY--PERSONAL NAME |
| Personal name |
Shapland, Barbara |
| Relator Term |
editor |
| 245 ## - TITLE STATEMENT |
| Title |
Building social capital for agricultural innovation: |
| Remainder of title |
experiences with farmer groups in Sub-Saharan Africa |
| 260 ## - PUBLICATION, DISTRIBUTION, ETC. (IMPRINT) |
| Place of publication, distribution, etc. |
Amsterdm: |
| Name of publisher, distributor, etc. |
Royal Tropical Institute (KIT), |
| Date of publication, distribution, etc. |
2004 |
| 300 ## - PHYSICAL DESCRIPTION |
| Extent |
119 p. : ill. ; 24 cm. |
| Other physical details |
Bibliography included |
| 490 ## - SERIES STATEMENT |
| Series statement |
Bulletin |
| Volume/sequential designation |
368 |
| 856 ## - ELECTRONIC LOCATION AND ACCESS |
| Uniform Resource Identifier |
<a href="https://www.kit.nl/wp-content/uploads/2018/08/761_Bull368-Building-web.pdf">https://www.kit.nl/wp-content/uploads/2018/08/761_Bull368-Building-web.pdf</a> |
| 650 ## - SUBJECT ADDED ENTRY--TOPICAL TERM |
| Topical term or geographic name as entry element |
AGRICULTURAL INNOVATIONS-Africa, Sub-Saharan |
| 650 ## - SUBJECT ADDED ENTRY--TOPICAL TERM |
| Topical term or geographic name as entry element |
Agriculture--Research--Africa, Sub-Saharan. |
| 650 ## - SUBJECT ADDED ENTRY--TOPICAL TERM |
| Topical term or geographic name as entry element |
Farmers--Africa, Sub-Saharan. |
| 650 ## - SUBJECT ADDED ENTRY--TOPICAL TERM |
| Topical term or geographic name as entry element |
Agriculture, Cooperative--Africa, Sub-Saharan |
| 650 ## - SUBJECT ADDED ENTRY--TOPICAL TERM |
| Topical term or geographic name as entry element |
Rural development--Africa,Sub-Saharan. |